| 000 | 00418nam a2200157 i 4500 | ||
|---|---|---|---|
| 001 | 50431 | ||
| 003 | ES-MaACL | ||
| 005 | 20230906162158.0 | ||
| 007 | t| | ||
| 008 | 030804s1965 sp ||||1| spa d | ||
| 100 | 1 |
_aCuadrado, Aurelio. _941884 |
|
| 245 | 1 | 0 |
_aMetopas / _cAurelio Cuadrado. |
| 260 |
_aPalencia : _b[s.n., _c1965] ( _fGráf. Colón) |
||
| 300 |
_a88 p. ; _c21 cm. |
||
| 852 |
_aES-MaACL _jC-28622 _bR.57941 |
||
| 999 |
_c50431 _d50431 |
||